| 000 | 01184nam a22003017a 4500 | ||
|---|---|---|---|
| 003 | EG-ScBUE | ||
| 005 | 20250203102230.0 | ||
| 008 | 210923s2024 ua f 000 j ara d | ||
| 017 | _a2024/11751 | ||
| 020 | _a9789777954808 | ||
| 040 |
_aEG-ScBUE _bara _erda _cEG-ScBUE _dEG-ScBUE |
||
| 082 | 0 | 4 |
_a892.746 _bع ش م _222 |
| 100 | 1 |
_aالعشماوي، أشرف، _eمؤلف. |
|
| 245 | 1 | 0 |
_aمواليد حديقة الحيوان : _bروايات قصيرة / _cأشرف العشماوي. |
| 250 | _aالطبعة السادسة. | ||
| 264 | 1 |
_aالقاهرة : _bالدار المصرية اللبنانية، _c2024. |
|
| 300 |
_a255 صفحة ؛ _c21 سم |
||
| 336 |
_2rdacontent _aنص _btxt |
||
| 337 |
_2rdamedia _aبدون وسيط _bn |
||
| 338 |
_2rdacarrier _aمجلد _bnc |
||
| 500 | _aلا يمكنني تأكيد أن الأحداث حقيقية، وفي الوقت ذاته لا أستطيع النفي. | ||
| 541 | _aBook Fair 2025. | ||
| 650 | 7 |
_aالقصص العربية القصيرة _yقرن 21. _2BUEsh |
|
| 650 | 7 |
_aالأدب العربي _yقرن 21. _vBUEsh |
|
| 653 |
_aBUEsh _bARALIT _cFebruary2025 |
||
| 655 | 7 |
_2BUEsh _vReading book |
|
| 942 | _2ddc | ||
| 999 |
_c30857 _d30828 |
||